Fundamentos económicos de la sociedad del conocimiento /

Guardado en:
Bibliografiske detaljer
Hovedforfatter: David, Paul A.
Andre forfattere: Foray, Dominique
Format: Texto
Fag:
Tags: Tilføj Tag
Ingen Tags, Vær først til at tagge denne postø!

MARC

LEADER 00000 a a2200000 04500
001 3536
003
040
100 |a David, Paul A.  
245 |a Fundamentos económicos de la sociedad del conocimiento /  |c Paul A. David 
650 |a SOCIEDAD DE LA INFORMACION  
650 |a CONOCIMIENTO  
650 |a PRODUCTIVIDAD  
650 |a EMPRESAS  
700 |a Foray, Dominique  
773 |g volumen 52, número 6; páginas 472-490  
999 |c 25434  |d 25434